Fifty-two story talks to boys and girls. (Record no. 12271)

000 -LEADER
fixed length control field 00591nam a2200193 a 4500
001 - CONTROL NUMBER
control field :::00010073$&:&@@
003 - CONTROL NUMBER IDENTIFIER
control field OkBaRHE
005 - DATE AND TIME OF LATEST TRANSACTION
control field 20000607103356.0
008 - FIXED-LENGTH DATA ELEMENTS--GENERAL INFORMATION
fixed length control field s1914 j 000 0 eng u
040 ## - CATALOGING SOURCE
Transcribing agency
100 1# - MAIN ENTRY--PERSONAL NAME
Personal name Chidley, Howard J.
245 10 - TITLE STATEMENT
Title Fifty-two story talks to boys and girls.
260 ## - PUBLICATION, DISTRIBUTION, ETC. (IMPRINT)
Place of publication, distribution, etc New York, NY., :
Name of publisher, distributor, etc Hodder & Stoughton
Date of publication, distribution, etc c1914
300 ## - PHYSICAL DESCRIPTION
Extent 126 p. ;
Dimensions 21 cm.
650 ## - SUBJECT ADDED ENTRY--TOPICAL TERM
Topical term or geographic name as entry element Children's Sermons
650 ## - SUBJECT ADDED ENTRY--TOPICAL TERM
Topical term or geographic name as entry element Children's Stories
942 ## - ADDED ENTRY ELEMENTS (KOHA)
Source of classification or shelving scheme
Koha item type Books
Copies
Full call number Date last seen Not for loan Shelving location Damaged status Lost status Koha item type Source of classification or shelving scheme Price effective from Date acquired Permanent Location Withdrawn status Copy number Barcode
BV 4315 .C4842010-04-14 General Stacks  Books 2010-04-142010-04-14RHEMA Bible Training College 110073